Les neurosciences cognitives (notice n° 1567627)

détails MARC
000 -LEADER
fixed length control field 01532cam a2200145 4500500
005 - DATE AND TIME OF LATEST TRANSACTION
control field 20251214003232.0
041 ## - LANGUAGE CODE
Language code of text/sound track or separate title fre
042 ## - AUTHENTICATION CODE
Authentication code dc
100 10 - MAIN ENTRY--PERSONAL NAME
Personal name Fiori-Duharcourt, Nicole
Relator term author
245 00 - TITLE STATEMENT
Title Les neurosciences cognitives
260 ## - PUBLICATION, DISTRIBUTION, ETC.
Name of publisher, distributor, etc. Armand Colin,<br/>
Date of publication, distribution, etc. 2012.<br/>
520 ## - SUMMARY, ETC.
Summary, etc. Ce manuel consacre la part qui s'impose à l'organisation du système nerveux, afin de faciliter la compréhension des modèles de fonctionnement cognitif. Il présente les grands principes des méthodes d'imagerie cérébrale, les différences d'organisation entre cerveaux masculin et féminin et étudie les liens entre émotions et cognition. Cette 2e édition se veut volontairement plus pédagogique et consolide les chapitres sur « la mémoire » et sur les liens entre émotions et cognition, thématique actuellement très travaillée. Nicole Fiori-Duharcourt est professeur de neurosciences à l’université Paris V – René- Descartes, membre du Laboratoire Vision, Action, Cognition (université Paris V – René-Descartes – CNRS). Frédéric Isel est maître de conférences en psychologie (HDR) à l’université Paris V – René-Descartes, membre du Laboratoire Vision, Action, Cognition (université Paris V – René-Descartes – CNRS) et membre associé du Laboratoire de Phonétique et Phonologie (université Paris III – Sorbonne-Nouvelle – CNRS).
700 10 - ADDED ENTRY--PERSONAL NAME
Personal name Isel, Frédéric
Relator term author
856 41 - ELECTRONIC LOCATION AND ACCESS
Uniform Resource Identifier <a href="https://shs.cairn.info/les-neurosciences-cognitives--9782200246556?lang=fr&redirect-ssocas=7080">https://shs.cairn.info/les-neurosciences-cognitives--9782200246556?lang=fr&redirect-ssocas=7080</a>

Pas d'exemplaire disponible.

PLUDOC

PLUDOC est la plateforme unique et centralisée de gestion des bibliothèques physiques et numériques de Guinée administré par le CEDUST. Elle est la plus grande base de données de ressources documentaires pour les Étudiants, Enseignants chercheurs et Chercheurs de Guinée.

Adresse

627 919 101/664 919 101

25 boulevard du commerce
Kaloum, Conakry, Guinée

Réseaux sociaux

Powered by Netsen Group @ 2025